000 01036nac a22002651u 4500
090 _c3895
008 081119t xxu||||| |||| 00| 0 eng d
010 _a 99029010
020 _a 0471322032 (cloth : alk. paper)
035 _a(DLC) 99029010
082 0 0 _a650.01513
_bMIZ
100 _aMizrahi, Abe.
245 1 0 _aMathematics :
_ban applied approach /
_cAbe Mizrahi, Michael Sullivan.
250 _a7th ed.
260 _aNew York :
_bWiley,
_cc2000.
300 _axiv, 922, [157] p. ;
_c26 cm.
500 _aIncludes index.
650 0 _aBusiness mathematics.
650 0 _aBusiness mathematics
_xProblems, exercises, etc.
650 0 _aSocial sciences
_xMathematics.
856 4 2 _3Publisher description
_uhttp://www.loc.gov/catdir/description/wiley037/99029010.html
856 4 2 _3Table of Contents only
_uhttp://www.loc.gov/catdir/toc/onix02/99029010.html
856 4 2 _3Contributor biographical information
_uhttp://www.loc.gov/catdir/enhancements/fy0607/99029010-b.html
942 _cBB
_k650.01513MIZ
_2ddc
999 _c3895
_d3895